| 000 | 00677nam a2200217 4500 | ||
|---|---|---|---|
| 001 | 123565 | ||
| 003 | ES-MaACL | ||
| 005 | 20250824204722.0 | ||
| 007 | t| | ||
| 008 | 070214s1981 sp r ||||1| spa d | ||
| 100 | 1 |
_aDe Quincey, Thomas. _943071 |
|
| 245 | 1 | 0 |
_aDel asesinato considerado como una de las bellas artes / _cThomas De Quincey ; traducción de Luis Loayza. |
| 250 | _a1ª. ed. | ||
| 260 |
_aBarcelona : _bBruguera, _c1981. |
||
| 300 |
_a156 p. ; _c18 cm. |
||
| 490 | 1 |
_aLibro amigo ; _v812 |
|
| 700 | 1 |
_aLoayza, Luis. _972992 |
|
| 830 | 0 | 0 |
_aLibro amigo (Bruguera) _v812 _9220624 |
| 852 |
_aES-MaACL _jL-1165 _bR.101654 |
||
| 999 |
_c123565 _d123565 |
||